01014 2200265 4500001002100000005001500021035002000036007000300056008004100059020001800100082001000118084001600128100004400144245012000188250002000308260006500328300004900393700004800442700003100490700002900521700009100550700003200641700005100673856002400724INLIS00000000113871520220121075226 a0010-0122003862ta220121 d | ind  a9789793764214 a004.6 a004.6 AMR p0 aKoordinator : Zulfikar Mochamad Rachman1 aBIKIN TELECENTER YUK! :bBuku Acuan Pendirian, Pengelolaan dan Pengembangan Telecenter /cZulfikar Mochamad Rachman aCetakan Pertama aJAKARTA :bPartnerships for e-Prosperity for The Poor,c2007 axxviii+318 :bIlustrasi ;c18,5x24cmekertas0 aTim Penulis.,Mulya Amri dan Ambar Sari Dewi0 aEditor.,Rianingsih Djohani0 aKontributor.,Adi setyono0 aReviewer.,Pungky Sumadi, Vivi Yulaswati, Riya Farwati, Woro Srihastuti Sulistianingrum0 aIlustrator.,Riskan dan Fivi0 aCover dan Reka Letak.,Prawoto Setra dan Shindu aPERPUSTAKAAN KHUSUS